100 Flüsse in Österreich - extreme - Statistiken

Allgemein
  • Dieses Quiz wurde 347 mal gespielt
  • Das Durchschnittsergebnis liegt bei 31 aus 100
Antwortstatistiken
Gesamtlänge (Bundes)-länder Mündung Fluss % Korrekt
2857 km DE>OÖ>NÖ>W>NÖ>SK>> Schwarze Meer Donau
99%
517 km CH>T>DE>DE/OÖ Donau Inn
96%
1233 km CH>V>CH/D/F>NL Nordsee Rhein
92%
739 km ITA>T>K>SLO>> Donau Drau
89%
225 km S>DE/S Inn Salzach
87%
464 km S>ST>ST/SLO>SLO>> Drau Mur
84%
235 km S>ST>OÖ/NÖ Donau Enns
81%
76 km Thaya Deutsche Thaya
79%
73 km CZ>NÖ Thaya Mährische Thaya
79%
235 km NÖ>CZ>NÖ>CZ>NÖ/CZ March Thaya
79%
153 km St>OÖ Donau Traun
76%
298 km ST>B>HU Mosoni-Donau Raab
74%
180 km NÖ>HU Mosoni-Donau Leitha
72%
358 km CZ/SK>NÖ/SK Donau March
72%
264 km V>T>DE Donau Lech
71%
72 km V Rhein Ill
68%
295 km T>DE Donau Isar
66%
158 km K Drau Gurk
62%
153 km Donau Kamp
61%
134 km Donau Ybbs
61%
62 km Donau Schwechat
58%
35 km Donau Fischa
55%
114 km ST>B>HU Raab Lafnitz
54%
71 km DE>OÖ Donau Grosse Mühl
52%
42 km T Sanna/Inn Rosanna
52%
84 km ST Mur Mürz
49%
7 km T Inn Sanna
49%
55 km Aist Feldaist
47%
58 km Donau Waldaist
47%
34 m Traun Ager
45%
14 km Donau Aist
45%
44 km T Inn Sill
44%
34 km NÖ>W Donaukanal Wien
43%
50 km K Drau Lieser
42%
50 km Traun Alm
41%
122 km OT>K Drau Gail
41%
83 km Donau Traisen
38%
56 km T Inn Ziller
36%
106 km T>S>DE>DE/S Salzach Saalach
34%
17 km W Donau Donaukanal
33%
81 km Donau Grosse Krems
33%
60 km Traun Krems
33%
68 km Enns Steyr
33%
64 km K Gurk Glan
31%
84 km K Drau Möll
24%
48 km Leitha Schwarza
23%
72 km ST>K Drau Lavant
22%
70 km Donau Erlauf
21%
94 km ST>B>HU Raab Pinka
21%
67 km V Bodensee Bregenzer Ache
20%
30 km NÖ>W>NÖ Schwechat Liesing
18%
90 km Fischa Piesting
17%
57 km OT Drau Isel
16%
197 km NÖ>CZ Moldau Lainsitz
16%
66 km T Inn Ötztaler Ache
16%
83 km ST Mur Sulm/Lassnitz
16%
64 km Schwechat Triesting
16%
47 km Ager Vöckla
16%
58 km March Zaya
15%
115 km ST>B Lafnitz Feistritz
14%
36 km Donau Melk
13%
70 km Donau Pielach
13%
42 km Donau Grosse Rodl/Rodl
12%
31 km T Sanna Trisanna
11%
40 km S Salzach Gasteiner Ache
10%
53 km S>T>DE Chiemsee Grossache/Tiroler Ache
10%
40 km Donau Grosse Gusen/Gusen
10%
23 km Leitha Pitten
10%
56 km Inn Pram
10%
45 km Inn Antiesen
8%
25 km Donau kleine Mühl
8%
55 km S>OÖ Inn Mattig
8%
25 km NÖ>B>HU Mosoni-Donau Rabnitz
7%
38 km K Lieser Malta
6%
71 km Donau Russbach
6%
29 km Donau Ysper
6%
11 km W Donaukanal Alserbach
5%
30 km V Bodensee Dornbirner Ache
5%
52 km Thaya Pulkau
5%
28 km DE>OÖ Donau Ranna
5%
37 km T Sill Ruetz
5%
55 km Kamp Zwettl
5%
31 km S Salzach Grossarler Ache
4%
113 km T>DE Isar Loisach
4%
35 km Innbach/Donau Aschach
3%
72 km B>HU Raab Güns
3%
12 km Traun Ischl
3%
7 km W Donaukanal Krottenbach
3%
41 km S Salzach Lammer
3%
96 km OÖ>CZ Moldau Maltsch
3%
74 km Donau Schmida
3%
26 km V Ill Alfenz
2%
38 km T Inn Brandenberger Ache
2%
34 km T>DE Lech Vils
2%
27 km Donau Kleine Gusen
1%
23 km Alm Laudach
1%
41 km T Inn Pitzbach
1%
24 km CZ>OÖ Grosse Mühl Steinerne Mühl
1%
30 km K Drau Vellach
1%
17 km S Salzach (Ober-)Almbach
0%
Keine übereinstimmenden Quizze gefunden
Verteilung der Resultate
Anzahl Personen mit jedem Resultat
Perzentil nach korrekt beantworteten Fragen
Ihre Resultats-Entwicklung
Sie haben dieses Quiz noch nicht gespielt